000 01266nam a2200313 c 4500
003 BLK
005 20231113151734.0
008 180409b bul|||||r ||||||| ||bul||
010 _aKNG00143243000
020 _a978-954-337-140-2
_bиздат.: Авангард принт
040 _aBLK
041 _aBUL
_cBUL
072 7 _2bullib
_aН84
_xБългарска художествена литература Н
080 _aБългарска литература
_b821.163.2
_x-193
_z821.163.2-193
100 1 _aТрифонов, Трифон Спасов
_eпърви автор
_9296868
139 _aТрифонов, Трифон Спасов
_bТ 84
245 1 0 _aМисли в ритъм и в проза
_bНеподправени мисли. Ритъмът на сърцето. Поривите на душата
_cТрифон Спасов Трифонов.
257 _aBGR
260 Русе
_bАвангард принт
_c2011
_fРусе : Студио колор
300 _a26 с.
_c20 см
380 _aX
659 _aН
852 _aЦб 259595
856 4 _qpdf
_u
856 4 _qpdf
_u
942 _cKNG
_n0
_01
944 _aCR
_c29.05.2013
_lЦветелина Шанова
_k30531
944 _aED
_c20.06.2013
_lф /
_k
999 _c137277
_d137277